[Event "II Open Hotel Petra FIDE"]
[Site "Roma ITA"]
[Date "2004.09.11"]
[Round "1"]
[White "Rossi, Aldo A."]
[Black "Bove, Alessandro"]
[Result "1-0"]
[WhiteElo "2036"]
[BlackElo "2175"]
[PlyCount "137"]
[EventDate "2004.09.11"]

1. d4 g6 2. Nf3 Bg7 3. Bf4 d6 4. e3 Nd7 5. h3 Ngf6 6. Be2 O-O 7. O-O c6 8. Nbd2
Re8 9. Bh2 Qc7 10. a4 Nf8 11. c3 Be6 12. a5 Rad8 13. b4 Bc8 14. c4 Qd7 15. Qc2
e5 16. dxe5 dxe5 17. Rad1 Qe7 18. c5 Nd5 19. Rb1 e4 20. Bd6 Rxd6 21. cxd6 Qxd6
22. Nxe4 Qe7 23. Nc5 Qf6 24. e4 Nf4 25. e5 Qe7 26. Nd3 Nxd3 27. Bxd3 Bxe5 28.
Nxe5 Qxe5 29. a6 Qg5 30. Qc1 Qf6 31. axb7 Bxb7 32. Re1 Rd8 33. Bf1 Ne6 34. Qe3
Qd4 35. Qxd4 Rxd4 36. Red1 Rxd1 37. Rxd1 c5 38. bxc5 Nxc5 39. Rb1 Be4 40. Ra1
a6 41. Ra5 Ne6 42. Rxa6 Bd5 43. Ra5 Bb3 44. Rb5 Ba4 45. Rb7 Bc6 46. Rb8+ Kg7
47. g3 Ng5 48. Bg2 Nf3+ 49. Kh1 Nd4 50. Bxc6 Nxc6 51. Rb6 Nd4 52. Kg2 h5 53.
Ra6 Ne6 54. h4 Nd4 55. Rb6 Nf5 56. f3 Nd4 57. Ra6 Ne6 58. Kf2 Nd4 59. Ke3 Nf5+
60. Kf4 Kh7 61. Rf6 Nh6 62. g4 Kg7 63. Ra6 hxg4 64. fxg4 Ng8 65. Ke5 Ne7 66.
Kd6 Ng8 67. g5 Kf8 68. Ra7 f5 69. Ke6 1-0

[Event "II Open Hotel Petra FIDE"]
[Site "Roma ITA"]
[Date "2004.09.11"]
[Round "1"]
[White "Simeoni, Matteo"]
[Black "Cappai, Davide"]
[Result "0-1"]
[WhiteElo "2032"]
[BlackElo "2132"]
[PlyCount "86"]
[EventDate "2004.09.11"]

1. e4 c5 2. c4 Nc6 3. Nf3 g6 4. d4 cxd4 5. Nxd4 Bg7 6. Be3 Nf6 7. Nc3 Ng4 8.
Nxc6 Nxe3 9. Nxd8 Nxd1 10. Rxd1 Bxc3+ 11. bxc3 Kxd8 12. Be2 b6 13. e5 Ba6 14.
O-O Rc8 15. Rd4 Rf8 16. Rfd1 Rc7 17. g4 f6 18. exf6 Rxf6 19. g5 Rfc6 20. Rh4
Bxc4 21. Rxh7 Ke8 22. Rh8+ Kf7 23. Rh7+ Ke8 24. Rh8+ Kf7 25. Rh7+ Kf8 26. Bf3
Rc5 27. h4 Bg8 28. Rh6 Kg7 29. Be4 Bf7 30. f4 Rc4 31. Rd4 d5 32. Bd3 Rxd4 33.
cxd4 Rc3 34. Be2 Re3 35. Kf2 Re4 36. Bd3 Rxf4+ 37. Ke3 Rg4 38. Be2 Re4+ 39. Kd3
Be8 40. Bf3 Bb5+ 41. Kc3 Re3+ 42. Kb4 Bc6 43. Bg2 a5# 0-1

[Event "II Open Hotel Petra FIDE"]
[Site "Roma ITA"]
[Date "2004.09.12"]
[Round "2"]
[White "Bellincampi, Stefano"]
[Black "Rocchetti, Marco"]
[Result "1-0"]
[WhiteElo "2064"]
[BlackElo "1978"]
[PlyCount "125"]
[EventDate "2004.09.11"]

1. e4 d5 2. exd5 Qxd5 3. Nc3 Qa5 4. d4 Nf6 5. Nf3 Bg4 6. h3 Bh5 7. Bd2 c6 8.
Bc4 e6 9. Qe2 Bb4 10. g4 Bg6 11. Ne5 Nbd7 12. O-O-O O-O-O 13. a3 Bxc3 14. Bxc3
Qc7 15. h4 Nb6 16. Ba5 Be4 17. f3 Bd5 18. Bd3 Nxg4 19. Nxg4 Qf4+ 20. Bd2 Qxf3
21. Rhf1 Qxe2 22. Bxe2 f6 23. Ba5 Bg2 24. Rg1 Bh3 25. Nf2 Bf5 26. c3 Rd7 27.
Bxb6 axb6 28. Bd3 Bxd3 29. Nxd3 Re8 30. Rg3 g6 31. Rf3 f5 32. Re3 Kc7 33. Rde1
Kd6 34. b4 Rde7 35. Re5 h6 36. Rg1 Rg8 37. c4 g5 38. hxg5 hxg5 39. c5+ bxc5 40.
dxc5+ Kd7 41. Re2 Ree8 42. Reg2 g4 43. Kd2 Ke7 44. Ke3 Kf6 45. a4 Rh8 46. b5
cxb5 47. axb5 e5 48. c6 bxc6 49. bxc6 Rh3+ 50. Ke2 Ra8 51. Nb4 Rb3 52. Nd5+ Kg5
53. Rc1 f4 54. Kf1 Rc8 55. Re2 g3 56. Rxe5+ Kg4 57. Re4 Rf3+ 58. Kg1 Rh8 59. c7
g2 60. c8=Q+ Rxc8 61. Rxc8 Rd3 62. Rxf4+ Kh3 63. Rc3 1-0

[Event "II Open Hotel Petra FIDE"]
[Site "Roma ITA"]
[Date "2004.09.12"]
[Round "2"]
[White "Bove, Alessandro"]
[Black "Marta, Daniele"]
[Result "1/2-1/2"]
[WhiteElo "2175"]
[BlackElo "2089"]
[PlyCount "90"]
[EventDate "2004.09.11"]

1. e4 e6 2. d4 d5 3. e5 c5 4. c3 Ne7 5. Nf3 Nec6 6. Bd3 b6 7. Qe2 a5 8. O-O Ba6
9. Bxa6 Nxa6 10. Bg5 Be7 11. Bxe7 Qxe7 12. Na3 Nc7 13. Nb5 O-O 14. Rfe1 cxd4
15. Nfxd4 Nxd4 16. Nxd4 Qd7 17. f4 b5 18. Qg4 f5 19. exf6 Rxf6 20. Re5 Raf8 21.
g3 Rg6 22. Qf3 Qd6 23. Qe3 b4 24. Re1 bxc3 25. bxc3 Qa3 26. Re2 Kh8 27. Kh1 h6
28. Qd3 Rgf6 29. Kg2 Rb8 30. Kh3 Rb2 31. Rxb2 Qxb2 32. Re2 Qb8 33. Kg2 Qc8 34.
Qd2 Qd7 35. Qb2 Na6 36. Qa3 a4 37. Re5 Qc8 38. Qxa4 Nc5 39. Qb5 Ne4 40. Qb6
Qxc3 41. Nxe6 Qc2+ 42. Kg1 Qd1+ 43. Kg2 Qe2+ 44. Kg1 Qe1+ 45. Kg2 Qe2+ 1/2-1/2

[Event "II Open Hotel Petra FIDE"]
[Site "Roma ITA"]
[Date "2004.09.12"]
[Round "2"]
[White "Cappai, Davide"]
[Black "Rossi, Aldo A."]
[Result "0-1"]
[WhiteElo "2132"]
[BlackElo "2036"]
[PlyCount "127"]
[EventDate "2004.09.11"]

1. e4 c5 2. Nf3 d6 3. d4 cxd4 4. Nxd4 Nf6 5. Nc3 g6 6. Be3 Bg7 7. f3 O-O 8. Qd2
Nc6 9. Bc4 Bd7 10. O-O-O Qa5 11. Kb1 Ne5 12. Bb3 Rfc8 13. h4 b5 14. Bg5 Nc4 15.
Bxc4 bxc4 16. Bxf6 Bxf6 17. Nd5 Qxd2 18. Rxd2 Kg7 19. h5 g5 20. g4 h6 21. c3
Rab8 22. Re1 Rb7 23. Kc1 Be6 24. Nxf6 Kxf6 25. Nf5 Bxf5 26. exf5 Rb5 27. Rde2
Rc7 28. Re3 Rcb7 29. R1e2 d5 30. Rd2 e6 31. fxe6 fxe6 32. Rde2 R7b6 33. a3 a5
34. a4 Rc5 35. Kd1 Rc7 36. Ke1 Re7 37. Rd2 Rd6 38. Re4 dxe4 39. Rxd6 exf3 40.
Ra6 Rb7 41. Rxa5 Rxb2 42. Rc5 Ra2 43. a5 e5 44. Rc6+ Ke7 45. Rxc4 Ke6 46. a6
Kd5 47. Rb4 Rxa6 48. Kf2 Rc6 49. Rb5+ Ke4 50. Rb4+ Kd3 51. Kxf3 e4+ 52. Kg2 e3
53. Rd4+ Kxc3 54. Rd8 Rf6 55. Kg3 e2 56. Re8 Kd2 57. Rd8+ Ke1 58. Kg2 Rf4 59.
Ra8 Rc4 60. Ra6 Kd2 61. Rd6+ Ke3 62. Re6+ Re4 63. Rxe4+ Kxe4 64. Kf2 0-1

[Event "II Open Hotel Petra FIDE"]
[Site "Roma ITA"]
[Date "2004.09.12"]
[Round "2"]
[White "Cavatorta, Fosco"]
[Black "De Carolis, Maurizio"]
[Result "1-0"]
[WhiteElo "2057"]
[BlackElo "1871"]
[PlyCount "77"]
[EventDate "2004.09.11"]

1. Nf3 e6 2. d3 d5 3. Nbd2 Nf6 4. e4 c5 5. g3 Nc6 6. Bg2 Be7 7. O-O O-O 8. e5
Nd7 9. Re1 f6 10. exf6 Nxf6 11. b3 Re8 12. Bb2 Bd6 13. Ne5 Nxe5 14. Bxe5 Bxe5
15. Rxe5 Qd6 16. Qe2 Bd7 17. Re1 a5 18. a4 Rab8 19. c4 b6 20. Nb1 Rbd8 21. Nc3
dxc4 22. dxc4 Bc8 23. Rd1 Qf8 24. Nb5 Rxd1+ 25. Qxd1 Rd8 26. Qe2 Qf7 27. Bh3
Qg6 28. Bxe6+ Bxe6 29. Rxe6 Qb1+ 30. Kg2 Qxb3 31. Rxf6 gxf6 32. Qe6+ Kf8 33.
Qxf6+ Ke8 34. Qe6+ Kf8 35. Qf6+ Ke8 36. Nc7+ Kd7 37. Qf7+ Kc6 38. Nb5 Rd7 39.
Qe6+ 1-0

[Event "II Open Hotel Petra FIDE"]
[Site "Roma ITA"]
[Date "2004.09.12"]
[Round "2"]
[White "Dentale, Enrico"]
[Black "Simeoni, Matteo"]
[Result "1-0"]
[WhiteElo "1946"]
[BlackElo "2032"]
[PlyCount "113"]
[EventDate "2004.09.11"]

1. d4 f5 2. g3 e6 3. Bg2 Nf6 4. b3 d5 5. Nh3 Bd6 6. Ba3 Bxa3 7. Nxa3 Qd6 8. Nb1
Nbd7 9. O-O O-O 10. Nf4 c6 11. c4 e5 12. dxe5 Qxe5 13. Nd2 Nb6 14. Rc1 Rd8 15.
Nf3 Qe7 16. c5 Nbd7 17. Qd4 Ne4 18. Nd3 Nf8 19. e3 Re8 20. b4 g5 21. a4 Ng6 22.
Qb2 h5 23. Nd4 h4 24. Rfe1 hxg3 25. hxg3 Bd7 26. Red1 Kf7 27. b5 Rab8 28. Qa2
Rh8 29. Nb4 Ne5 30. bxc6 bxc6 31. Nbxc6 Bxc6 32. Nxc6 Nxc6 33. Qxd5+ Qe6 34.
Bxe4 fxe4 35. Qxe6+ Kxe6 36. Rd6+ Ke5 37. Rxc6 Kd5 38. Rg6 Rhg8 39. Rd6+ Ke5
40. Rcd1 Kf5 41. Rd7 Rgc8 42. Rc1 Rc6 43. Rxa7 Rbc8 44. Ra5 Ke5 45. Kg2 g4 46.
Rh1 Kf5 47. Rb5 Kg5 48. Rc1 Rh8 49. Rb6 Rc7 50. c6 Rhh7 51. a5 Kf6 52. a6 Rh6
53. Rb7 Rc8 54. c7 Ke6 55. a7 Rhh8 56. Rc4 Kd5 57. Ra4 1-0

[Event "II Open Hotel Petra FIDE"]
[Site "Roma ITA"]
[Date "2004.09.12"]
[Round "2"]
[White "Di Lascio, Savino"]
[Black "Occhipinti, Massimo"]
[Result "1/2-1/2"]
[WhiteElo "2024"]
[BlackElo "2089"]
[PlyCount "139"]
[EventDate "2004.09.11"]

1. Nf3 f5 2. g3 Nf6 3. Bg2 g6 4. O-O Bg7 5. d3 d6 6. c3 O-O 7. b4 e5 8. Bb2
Nbd7 9. Nbd2 h6 10. a4 Kh7 11. a5 a6 12. c4 Qe8 13. Qc2 g5 14. h3 Rg8 15. Nh2
Qg6 16. c5 e4 17. dxe4 f4 18. cxd6 cxd6 19. Rac1 Kh8 20. Nc4 Ne8 21. Bxg7+ Rxg7
22. Rfd1 Rb8 23. Qd2 fxg3 24. fxg3 Ne5 25. Nxe5 dxe5 26. Ng4 Bxg4 27. hxg4 Nc7
28. Rc5 Re7 29. Rdc1 Nb5 30. Rc8+ Rxc8 31. Rxc8+ Kg7 32. Qd8 Kf6 33. Qf8+ Rf7
34. Qc5 Kg7 35. Qxe5+ Qf6 36. Qxf6+ Kxf6 37. Rh8 Nd4 38. Rxh6+ Kg7 39. Rb6
Nxe2+ 40. Kh2 Kf8 41. e5 Rh7+ 42. Bh3 Nd4 43. Rg6 Kf7 44. Rd6 Nf3+ 45. Kg2 Nxe5
46. Rb6 Ke8 47. b5 Nc4 48. Rg6 axb5 49. Rxg5 Nxa5 50. Rxb5 Nc4 51. Rh5 Rg7 52.
Kf3 Ke7 53. Rc5 Nd6 54. Rc7+ Kf8 55. Rxg7 Kxg7 56. Bf1 Kf6 57. Kf4 Nf7 58. Bb5
Ng5 59. Bd7 b6 60. Bb5 Nh3+ 61. Ke3 Ke5 62. Bd3 Ng5 63. Bf1 Ne6 64. Kf3 Ng5+
65. Kg2 Ke4 66. Bb5 Ke3 67. Bc6 Ke2 68. Kh2 Kf2 69. Bb5 Kf3 70. Bd7 1/2-1/2

[Event "II Open Hotel Petra FIDE"]
[Site "Roma ITA"]
[Date "2004.09.12"]
[Round "2"]
[White "Pienabarca, Nicola"]
[Black "Tribuiani, Renato"]
[Result "0-1"]
[WhiteElo "2100"]
[BlackElo "2119"]
[PlyCount "90"]
[EventDate "2004.09.11"]

1. d4 d5 2. c4 e6 3. Nc3 c6 4. Nf3 Nd7 5. e4 dxe4 6. Nxe4 Ngf6 7. Bd3 Nxe4 8.
Bxe4 Nf6 9. Bc2 b5 10. b3 Bb4+ 11. Bd2 Qa5 12. O-O Bxd2 13. Nxd2 Ba6 14. Qe2
Qc3 15. Ne4 Qxd4 16. Rad1 Qb6 17. Nd6+ Kf8 18. Rfe1 Rd8 19. Nxf7 Rxd1 20. Bxd1
Kxf7 21. Qxe6+ Kg6 22. Bc2+ Kh6 23. Qh3+ Nh5 24. Re5 g6 25. g4 Rf8 26. g5+ Kg7
27. Re7+ Rf7 28. Qc3+ Kf8 29. c5 Qd8 30. Re1 Qxg5+ 31. Kh1 Qf6 32. Qd2 Bc8 33.
Kg1 Nf4 34. Qd6+ Qxd6 35. cxd6 Nh3+ 36. Kh1 Nxf2+ 37. Kg2 Ng4 38. Be4 Bd7 39.
a4 bxa4 40. bxa4 Rf6 41. h3 Nf2 42. Bf3 Nd3 43. Re7 Rxd6 44. Rxh7 Ne1+ 45. Kg3
Rd3 0-1

[Event "II Open Hotel Petra FIDE"]
[Site "Roma ITA"]
[Date "2004.09.12"]
[Round "2"]
[White "Placchetta, Omero"]
[Black "Ciotoli, Patrizio"]
[Result "0-1"]
[WhiteElo "1571"]
[BlackElo "2164"]
[PlyCount "78"]
[EventDate "2004.09.11"]

1. e4 c6 2. d4 d5 3. Nc3 dxe4 4. Nxe4 Bf5 5. Nc3 Nf6 6. Nf3 g6 7. h3 Bg7 8. Be3
O-O 9. Be2 Nd5 10. Nxd5 cxd5 11. O-O Nc6 12. c3 a5 13. a4 Re8 14. Bb5 Bd7 15.
Bxc6 bxc6 16. Ne5 f6 17. Nxd7 Qxd7 18. Qd2 e5 19. dxe5 fxe5 20. Rfd1 Qb7 21.
Qc2 Rab8 22. Rab1 Qb3 23. Qxb3 Rxb3 24. Bc5 Reb8 25. Ba3 e4 26. Ra1 Kf7 27. Bd6
R8b7 28. Rd2 Rxb2 29. Rxb2 Rxb2 30. Ra3 Ke6 31. Bc7 Be5 32. Bxe5 Kxe5 33. Kf1
c5 34. g3 g5 35. Ke1 c4 36. Ra1 h5 37. h4 gxh4 38. gxh4 Rc2 39. Ra3 Kf4 0-1

[Event "II Open Hotel Petra FIDE"]
[Site "Roma ITA"]
[Date "2004.09.12"]
[Round "2"]
[White "Scacco, Mauro"]
[Black "Braschi, Giancarlo"]
[Result "1/2-1/2"]
[WhiteElo "2117"]
[BlackElo "2196"]
[PlyCount "61"]
[EventDate "2004.09.11"]

1. e4 c5 2. Nf3 Nc6 3. Bb5 Qb6 4. Qe2 e6 5. c3 Nge7 6. O-O Ng6 7. d4 cxd4 8.
cxd4 Nxd4 9. Nxd4 Qxd4 10. Rd1 Qe5 11. Qd3 Bc5 12. Bxd7+ Ke7 13. Ba4 a6 14. b4
Bd6 15. f4 Nxf4 16. Qxd6+ Qxd6 17. Rxd6 Nh3+ 18. gxh3 Kxd6 19. e5+ Kxe5 20.
Bb2+ Kd6 21. Nc3 b5 22. Ne4+ Ke7 23. Bb3 Rd8 24. Rc1 Bb7 25. Rc7+ Rd7 26. Rxd7+
Kxd7 27. Nc5+ Kc7 28. Be5+ Kb6 29. Bd4 Kc7 30. Be5+ Kb6 31. Bd4 1/2-1/2

[Event "II Open Hotel Petra FIDE"]
[Site "Roma ITA"]
[Date "2004.09.13"]
[Round "3"]
[White "Almonti, Alessandro"]
[Black "Russi, Roberto"]
[Result "0-1"]
[WhiteElo "2033"]
[BlackElo "2086"]
[PlyCount "40"]
[EventDate "2004.09.11"]

1. f4 c5 2. b3 d5 3. e3 Nf6 4. Nf3 e6 5. Bb2 Nbd7 6. Ne5 Nxe5 7. fxe5 Nd7 8.
Qh5 g6 9. Qf3 a6 10. c4 Bg7 11. d4 dxc4 12. bxc4 O-O 13. Qh3 b5 14. Nc3 bxc4
15. Ba3 Nb6 16. Bxc5 Re8 17. Ne4 Na4 18. Bd6 Bb7 19. Nc5 Qa5+ 20. Kf2 Qd2+ 0-1

[Event "II Open Hotel Petra FIDE"]
[Site "Roma ITA"]
[Date "2004.09.13"]
[Round "3"]
[White "Braschi, Giancarlo"]
[Black "Cavatorta, Fosco"]
[Result "1-0"]
[WhiteElo "2196"]
[BlackElo "2057"]
[PlyCount "74"]
[EventDate "2004.09.11"]

1. d4 d5 2. c4 e5 3. Nc3 exd4 4. Qxd4 Nc6 5. Qd2 Nf6 6. g3 Be6 7. Nxd5 Ne5 8.
b3 a5 9. Bb2 Bxd5 10. cxd5 Be7 11. Bg2 O-O 12. a3 Ned7 13. Nf3 Ne4 14. Qc2 Bf6
15. Nd4 Nec5 16. b4 axb4 17. axb4 Na6 18. Qb3 Re8 19. e3 Ne5 20. O-O Qd7 21.
Rfe1 Qg4 22. h3 Qg6 23. Rad1 Re7 24. Kh2 Qh5 25. Kg1 g6 26. f4 Nd7 27. Rd2 Rae8
28. Rde2 Bg7 29. g4 Qh4 30. Kh2 Bxd4 31. Bxd4 Nf6 32. Bf3 Ne4 33. Rg1 Nb8 34.
Ba1 Nd7 35. g5 f6 36. Qb2 Kf7 37. Bg4 f5 1-0

[Event "II Open Hotel Petra FIDE"]
[Site "Roma ITA"]
[Date "2004.09.13"]
[Round "3"]
[White "Ciotoli, Patrizio"]
[Black "Scacco, Mauro"]
[Result "0-1"]
[WhiteElo "2164"]
[BlackElo "2117"]
[PlyCount "78"]
[EventDate "2004.09.11"]

1. e4 c5 2. Nf3 d6 3. Bc4 Nf6 4. e5 dxe5 5. Nxe5 e6 6. d3 Bd6 7. Qe2 Qc7 8. Nc3
a6 9. Ng4 Nc6 10. Nxf6+ gxf6 11. Nd5 Qd8 12. Ne3 Qe7 13. c3 Bd7 14. Bd2 h5 15.
O-O-O O-O-O 16. Bb3 Kb8 17. Nc4 Bc7 18. Be3 b5 19. Nd2 f5 20. f4 Na5 21. Qf2
Bd6 22. Rhe1 Bc6 23. Bc2 Rhg8 24. Nf3 Bd5 25. Kb1 Qb7 26. Bxc5 Bxf4 27. Nd4
Bxh2 28. g4 Bc7 29. b4 Rxg4 30. bxa5 Rg2 31. Qh4 Bxa2+ 32. Kxa2 Qd5+ 33. Nb3
Rxc2+ 34. Ka3 Rxc3 35. Qb4 Bxa5 36. Qxc3 Bxc3 37. Rh1 a5 38. d4 Qc4 39. Bb6
Qa4# 0-1

[Event "II Open Hotel Petra FIDE"]
[Site "Roma ITA"]
[Date "2004.09.13"]
[Round "3"]
[White "De Carolis, Maurizio"]
[Black "Bove, Alessandro"]
[Result "0-1"]
[WhiteElo "1871"]
[BlackElo "2175"]
[PlyCount "70"]
[EventDate "2004.09.11"]

1. d4 g6 2. Nf3 Bg7 3. Bf4 d6 4. h3 c5 5. c3 cxd4 6. cxd4 Nc6 7. e3 Nf6 8. Nc3
Qa5 9. Qd2 O-O 10. Rc1 Bf5 11. a3 e5 12. Bg5 exd4 13. exd4 Rfe8+ 14. Be2 d5 15.
Bxf6 Bxf6 16. O-O Rad8 17. Ra1 Qb6 18. Na4 Qc7 19. Rac1 Qb8 20. Bb5 Rc8 21. Nc5
Red8 22. Rfe1 b6 23. Nb3 Ne7 24. g4 Be6 25. Ng5 Bd7 26. Rxc8 Bxc8 27. Nf3 a6
28. g5 axb5 29. gxf6 Nf5 30. Re5 Qd6 31. Qf4 Qxf6 32. Nc1 Kg7 33. Nd3 Nh6 34.
Qg3 Nf5 35. Nf4 Nxg3 0-1

[Event "II Open Hotel Petra FIDE"]
[Site "Roma ITA"]
[Date "2004.09.13"]
[Round "3"]
[White "Dentale, Enrico"]
[Black "Pienabarca, Nicola"]
[Result "0-1"]
[WhiteElo "1946"]
[BlackElo "2100"]
[PlyCount "46"]
[EventDate "2004.09.11"]

1. d4 Nf6 2. Nf3 c5 3. c3 d5 4. e3 Nc6 5. Bd3 Bg4 6. h3 Bh5 7. Nbd2 e5 8. dxe5
Nxe5 9. Qa4+ Ned7 10. O-O Bd6 11. e4 O-O 12. exd5 Nxd5 13. Ne4 N7b6 14. Qb3
Bxf3 15. gxf3 Nf4 16. Bxf4 Bxf4 17. Rad1 Qh4 18. Kg2 Rad8 19. Nxc5 Qg5+ 20. Kh1
Qxc5 21. Qc2 Qh5 22. Kg2 Rd5 23. h4 Rg5+ 0-1

[Event "II Open Hotel Petra FIDE"]
[Site "Roma ITA"]
[Date "2004.09.13"]
[Round "3"]
[White "Occhipinti, Massimo"]
[Black "Placchetta, Omero"]
[Result "1-0"]
[WhiteElo "2089"]
[BlackElo "1571"]
[PlyCount "75"]
[EventDate "2004.09.11"]

1. e4 e5 2. Nc3 Nf6 3. g3 Bb4 4. Bg2 O-O 5. Nge2 Bxc3 6. dxc3 d6 7. O-O h6 8.
h3 Nbd7 9. c4 Nc5 10. Nc3 Ne6 11. Be3 Bd7 12. Qd2 Kh7 13. Rad1 Bc6 14. b4 b5
15. cxb5 Bb7 16. a4 a5 17. bxa5 Rxa5 18. b6 cxb6 19. Qxd6 Qxd6 20. Rxd6 Nc5 21.
Bxc5 bxc5 22. Rb1 Ba8 23. Rb5 Rxb5 24. axb5 Ng8 25. Rd7 f5 26. Rc7 fxe4 27.
Nxe4 Rd8 28. Rxc5 Nf6 29. Nxf6+ gxf6 30. Bxa8 Rxa8 31. b6 Kg6 32. b7 Rb8 33.
Rc7 Kf5 34. c4 Ke4 35. c5 Kf3 36. c6 e4 37. Rc8 e3 38. fxe3 1-0

[Event "II Open Hotel Petra FIDE"]
[Site "Roma ITA"]
[Date "2004.09.13"]
[Round "3"]
[White "Rocchetti, Marco"]
[Black "Romagnoli, Moreno"]
[Result "1-0"]
[WhiteElo "1978"]
[BlackElo "1891"]
[PlyCount "115"]
[EventDate "2004.09.11"]

1. d4 c5 2. e3 g6 3. Nf3 Bg7 4. c3 cxd4 5. exd4 Nf6 6. Be2 O-O 7. O-O d5 8. Bf4
Nc6 9. h3 Bf5 10. Nbd2 Rc8 11. Re1 Qb6 12. Qb3 Qxb3 13. axb3 a6 14. b4 Ne4 15.
b5 axb5 16. Bxb5 Ra8 17. Nxe4 Bxe4 18. Nd2 e6 19. Rxa8 Rxa8 20. Nxe4 dxe4 21.
Rxe4 Ra1+ 22. Kh2 Ne7 23. Bc4 h6 24. Be5 Rb1 25. Bxg7 Kxg7 26. Re2 Nf5 27. Bd3
Ra1 28. Bxf5 gxf5 29. Kg3 Ra5 30. Re5 Ra6 31. Rb5 Ra7 32. Kf4 Kf6 33. f3 Kg6
34. Ke5 h5 35. h4 Ra1 36. g3 Ra7 37. d5 exd5 38. f4 Ra1 39. Rxd5 Re1+ 40. Kd6
Re2 41. Rb5 Re3 42. Rxb7 Rxg3 43. c4 Rd3+ 44. Kc7 Rd4 45. c5 Rxf4 46. Rb6+ Kg7
47. c6 Rxh4 48. Kb7 Rc4 49. c7 f4 50. c8=Q Rxc8 51. Kxc8 f3 52. Rb3 f5 53. Rxf3
Kg6 54. b4 Kg5 55. b5 Kg4 56. Rf1 f4 57. b6 Kg3 58. b7 1-0

[Event "II Open Hotel Petra FIDE"]
[Site "Roma ITA"]
[Date "2004.09.13"]
[Round "3"]
[White "Rossi, Aldo A."]
[Black "De Vita, Igor"]
[Result "1-0"]
[WhiteElo "2036"]
[BlackElo "2156"]
[PlyCount "61"]
[EventDate "2004.09.11"]

1. d4 f5 2. Bg5 h6 3. Bh4 g5 4. e4 Bg7 5. Bg3 f4 6. Bxf4 gxf4 7. Qh5+ Kf8 8.
Qf5+ Ke8 9. Be2 h5 10. Bxh5+ Rxh5 11. Qxh5+ Kf8 12. Qf5+ Ke8 13. Nf3 e6 14.
Qh5+ Kf8 15. Ne5 Nh6 16. g4 Bxe5 17. dxe5 Nf7 18. h4 Kg7 19. g5 d6 20. exd6
cxd6 21. Nc3 Qa5 22. O-O-O Qe5 23. Qg4 Bd7 24. Rdg1 Nc6 25. h5 Rh8 26. h6+ Kg8
27. h7+ Rxh7 28. Rxh7 Kxh7 29. g6+ Kg7 30. gxf7+ Kxf7 31. Qg8+ 1-0

[Event "II Open Hotel Petra FIDE"]
[Site "Roma ITA"]
[Date "2004.09.13"]
[Round "3"]
[White "Simeoni, Matteo"]
[Black "Di Lascio, Savino"]
[Result "1-0"]
[WhiteElo "2032"]
[BlackElo "2024"]
[PlyCount "79"]
[EventDate "2004.09.11"]

1. e4 c6 2. Nc3 d5 3. Nf3 dxe4 4. Nxe4 Nf6 5. Nxf6+ gxf6 6. Bc4 Bf5 7. d4 e6 8.
Qe2 Nd7 9. Nh4 Nb6 10. Bb3 Bg6 11. Be3 Nd5 12. O-O-O Bg7 13. Kb1 a5 14. Nxg6
hxg6 15. c4 Nxe3 16. fxe3 a4 17. Bc2 Kf8 18. a3 Kg8 19. Ka2 Qd7 20. e4 Ra5 21.
Qf3 Qc7 22. d5 cxd5 23. exd5 Qxc4+ 24. Kb1 Rxd5 25. Rxd5 exd5 26. Rd1 Rh5 27.
Qe3 Re5 28. Qa7 b5 29. Qb8+ Kh7 30. Rc1 Qe2 31. Qb7 d4 32. Qxf7 d3 33. Bd1 Qe4
34. Rc7 d2+ 35. Ka1 Kh6 36. Qxg7+ Kg5 37. Qd7 Qxg2 38. Rc2 Rd5 39. Qc6 Qh1 40.
Rxd2 1-0

[Event "II Open Hotel Petra FIDE"]
[Site "Roma ITA"]
[Date "2004.09.13"]
[Round "3"]
[White "Tribuiani, Renato"]
[Black "Fayard, Alain"]
[Result "0-1"]
[WhiteElo "2119"]
[BlackElo "2253"]
[PlyCount "58"]
[EventDate "2004.09.11"]

1. e4 c5 2. Nc3 Nc6 3. Nge2 g6 4. b3 Bg7 5. Bb2 e6 6. Na4 Bxb2 7. Nxb2 Nge7 8.
Ng3 h5 9. h4 d5 10. Qf3 Qc7 11. Qf6 Rf8 12. Bb5 Bd7 13. Nd3 b6 14. Bxc6 Bxc6
15. e5 O-O-O 16. b4 d4 17. bxc5 Bxg2 18. Rg1 Bb7 19. cxb6 axb6 20. Nb4 Nd5 21.
Nxd5 Rxd5 22. f4 Rc5 23. Ne2 Rd8 24. c3 dxc3 25. dxc3 Rxc3 26. Rd1 Rxd1+ 27.
Kxd1 Bf3 28. Qh8+ Kb7 29. Qf8 Rc1+ 0-1

[Event "II Open Hotel Petra FIDE"]
[Site "Roma ITA"]
[Date "2004.09.14"]
[Round "4"]
[White "Bellincampi, Stefano"]
[Black "Dentale, Enrico"]
[Result "1-0"]
[WhiteElo "2064"]
[BlackElo "1946"]
[PlyCount "67"]
[EventDate "2004.09.11"]

1. e4 d5 2. exd5 Nf6 3. Nf3 Nxd5 4. d4 Bf5 5. Bd3 Bg6 6. c4 Nb6 7. O-O e6 8.
Re1 Bb4 9. Nc3 O-O 10. Bg5 Qc8 11. Bxg6 hxg6 12. Qb3 Nc6 13. a3 Bxc3 14. Qxc3
a5 15. b3 Qd7 16. Rad1 f6 17. Bc1 a4 18. b4 Rfd8 19. Rd2 Kf7 20. Bb2 Rh8 21.
Rde2 Nd8 22. d5 exd5 23. cxd5 Rh5 24. Re7+ Qxe7 25. Rxe7+ Kxe7 26. Qxc7+ Nd7
27. d6+ Ke8 28. g4 Rd5 29. g5 Ne6 30. Qxb7 Rd1+ 31. Kg2 Nf4+ 32. Kg3 Nh5+ 33.
Kh4 fxg5+ 34. Nxg5 1-0

[Event "II Open Hotel Petra FIDE"]
[Site "Roma ITA"]
[Date "2004.09.14"]
[Round "4"]
[White "Cappai, Davide"]
[Black "Occhipinti, Massimo"]
[Result "1-0"]
[WhiteElo "2132"]
[BlackElo "2089"]
[PlyCount "74"]
[EventDate "2004.09.11"]

1. e4 c5 2. Nf3 a6 3. d4 cxd4 4. Nxd4 e5 5. Nb3 d6 6. a4 Nf6 7. f3 Be7 8. c4
Be6 9. Nc3 Nbd7 10. Nd5 Bxd5 11. exd5 O-O 12. Bd3 Nh5 13. Qc2 g6 14. Bh6 Ng7
15. Qd2 Re8 16. O-O Qb6+ 17. Be3 Qd8 18. Na5 Qc7 19. b4 Bd8 20. Rfc1 b6 21. Nc6
Nb8 22. Qf2 Nxc6 23. dxc6 f5 24. c5 dxc5 25. bxc5 bxc5 26. Rxc5 Ne6 27. Qa2 Kh8
28. Rc2 Nd4 29. Rc4 Bf6 30. Rac1 Rec8 31. Bf2 Qd6 32. c7 Qe7 33. Qb2 Ne6 34.
Qb6 Bg5 35. R1c2 Nd4 36. Rxd4 Bf6 37. Rd6 Bg7 1-0

[Event "II Open Hotel Petra FIDE"]
[Site "Roma ITA"]
[Date "2004.09.14"]
[Round "4"]
[White "Cavatorta, Fosco"]
[Black "Simeoni, Matteo"]
[Result "0-1"]
[WhiteElo "2057"]
[BlackElo "2032"]
[PlyCount "69"]
[EventDate "2004.09.11"]

1. Nf3 f5 2. d4 Nf6 3. Bf4 e6 4. e3 Be7 5. Nbd2 b6 6. Be2 Bb7 7. c3 O-O 8. O-O
Na6 9. Qa4 Nb8 10. Ne5 d6 11. Bf3 Ne4 12. Nec4 d5 13. Bxe4 dxe4 14. Qd1 Nd7 15.
Ne5 Bf6 16. Ndc4 Bxe5 17. Nxe5 Nf6 18. h3 Qe7 19. a4 a5 20. Qb3 Nd5 21. Bh2 Rf6
22. c4 Nb4 23. Bf4 h6 24. Qd1 Qe8 25. h4 Rd8 26. h5 Nd3 27. Nxd3 exd3 28. Be5
Rf7 29. Qxd3 Qe7 30. Qe2 Qg5 31. g3 c5 32. Bf4 Qf6 33. Be5 Qg5 34. Rad1 Rfd7
35. f4 0-1

[Event "II Open Hotel Petra FIDE"]
[Site "Roma ITA"]
[Date "2004.09.14"]
[Round "4"]
[White "De Vita, Igor"]
[Black "Marta, Daniele"]
[Result "1-0"]
[WhiteElo "2156"]
[BlackElo "2089"]
[PlyCount "143"]
[EventDate "2004.09.11"]

1. d4 d6 2. e4 g6 3. Nf3 Bg7 4. Nc3 Nc6 5. Bb5 a6 6. Ba4 Bd7 7. Bg5 f6 8. Be3
Nh6 9. h3 Nf7 10. Qd2 Na5 11. Bxd7+ Qxd7 12. Qe2 e5 13. dxe5 Nxe5 14. Nxe5 fxe5
15. Nd5 O-O 16. b3 Nc6 17. c3 Rf7 18. Qg4 Nd8 19. Qxd7 Rxd7 20. g3 Ne6 21. Ke2
Rf8 22. h4 h5 23. b4 Rdd8 24. a4 c6 25. Nb6 Nc7 26. Nc4 d5 27. Na5 d4 28. Bd2
Rb8 29. Rhf1 Ne6 30. f3 Rf7 31. Rf2 Rd8 32. Nb3 Rfd7 33. c4 Bf8 34. Kd3 Be7 35.
c5 Rf8 36. Na5 Bd8 37. Nc4 Bc7 38. a5 Rdf7 39. Raf1 Rf6 40. Bh6 R8f7 41. Bg5
Nxg5 42. hxg5 Re6 43. f4 exf4 44. gxf4 Rd7 45. Rh1 Re8 46. e5 Rd5 47. Rd2 Rf8
48. Ke4 Rf5 49. Rh4 Kf7 50. Rxd4 Rxd4+ 51. Kxd4 Ke6 52. Ke4 Rf8 53. Rh2 Rd8 54.
Nd6 Bxd6 55. cxd6 Rd7 56. f5+ gxf5+ 57. Kf4 Rh7 58. g6 Rh6 59. Kg5 Rh8 60. Rxh5
Rg8 61. Kf4 Rxg6 62. Rxf5 Rh6 63. Ke4 Rh4+ 64. Rf4 Rh6 65. Kd4 Rg6 66. Rh4 Rg7
67. Rh6+ Kd7 68. Kc5 Rg5 69. Rh7+ Kc8 70. Re7 Rg4 71. e6 Rg5+ 72. Kb6 1-0